[Event "Novokuznetsk Old Stager op"]
[Site "Novokuznetsk"]
[Date "2015.02.01"]
[Round "7"]
[White "Polyanskiy, Vladimir"]
[Black "Sorokina, Tamara"]
[Result "1/2-1/2"]
[WhiteElo "2174"]
[BlackElo "2076"]
[PlyCount "27"]
[EventDate "2015.01.10"]
[EventType "swiss"]
[EventRounds "9"]
[EventCountry "RUS"]
[SourceTitle "EXT 2018"]
[Source "ChessBase"]
[SourceDate "2017.10.13"]
[SourceVersion "1"]
[SourceVersionDate "2017.10.13"]
[SourceQuality "1"]

1. d4 Nf6 2. Nc3 d5 3. Bg5 c6 4. e3 Bf5 5. Bd3 Bxd3 6. Qxd3 e6 7. Bxf6 gxf6 8. Nf3 Nd7 9. e4 Bb4 10. exd5 cxd5 11. 0-0 Bxc3 12. Qxc3 f5 13. Rfe1 0-0 14. Qe3 1/2-1/2

[Event "Novokuznetsk Old Stager op"]
[Site "Novokuznetsk"]
[Date "2015.01.24"]
[Round "4"]
[White "Nuzhdov, Vasiliy"]
[Black "Polyanskiy, Vladimir"]
[Result "0-1"]
[WhiteElo "1974"]
[BlackElo "2174"]
[PlyCount "220"]
[EventDate "2015.01.10"]
[EventType "swiss"]
[EventRounds "9"]
[EventCountry "RUS"]
[SourceTitle "EXT 2018"]
[Source "ChessBase"]
[SourceDate "2017.10.13"]
[SourceVersion "1"]
[SourceVersionDate "2017.10.13"]
[SourceQuality "1"]

1. e4 d6 2. Nf3 Nf6 3. c3 c6 4. d3 e5 5. Be2 Be7 6. Bg5 Nbd7 7. Nbd2 h6 8. Bh4 0-0 9. Qc2 Qc7 10. h3 Re8 11. g4 d5 12. Bg3 Bd6 13. 0-0-0 b5 14. Kb1 a5 15. g5 hxg5 16. Nxg5 b4 17. c4 d4 18. Rc1 a4 19. b3 Nc5 20. Kb2 axb3 21. axb3 Ra3 22. Ra1 Qa5 23. Rxa3 Qxa3+ 24. Kb1 Qa5 25. Qa2 Qc7 26. Kc2 Bb7 27. Ra1 Ra8 28. Qb2 Ra3 29. Rxa3 bxa3 30. Qa2 Qa5 31. Kb1 Na6 32. Ngf3 Nb4 33. Qa1 a2+ 34. Kc1 Na6 35. Kd1 Bb4 36. Nb1 axb1Q+ 37. Qxb1 Nd7 38. Ng1 Bc3 39. f4 exf4 40. Bxf4 Qa1 41. Qxa1 Bxa1 42. Bd2 Ne5 43. Kc2 Nc5 44. Bf4 f6 45. Bxe5 fxe5 46. Bg4 Kf7 47. Ne2 Ne6 48. h4 Nf4 49. Ng3 g6 50. h5 gxh5 51. Nxh5 Nxh5 52. Bxh5+ Ke7 53. b4 Kd6 54. Kb3 Bc3 55. Bg4 Ba6 56. Ka4 Bb7 57. Kb3 Be1 58. Bf5 Kc7 59. Bg4 Bh4 60. Ka4 Be7 61. Kb3 Bc8 62. Be2 Bh3 63. Ka4 Bd8 64. Kb3 Kd6 65. Kc2 Ke6 66. Bh5 Be7 67. c5 Kd7 68. Be2 Bh4 69. Kb3 Be1 70. Ka4 Kc7 71. Bd1 Bf1 72. Bc2 Kb7 73. Ka5 Be2 74. Ka4 Ka6 75. Ka3 Bh4 76. Ka4 Bd8 77. Ka3 Kb7 78. Ka4 Bg4 79. Bb3 Be7 80. Ka3 Bh4 81. Ka4 Be1 82. Bc2 Kc7 83. Ka3 Be2 84. Ka4 Kd7 85. b5 cxb5+ 86. Kxb5 Kc7 87. Kc4 Bh5 88. Kd5 Bg3 89. Kc4 Be8 90. Kb4 Bc6 91. Kc4 Kd7 92. Bd1 Bh4 93. Bh5 Ke7 94. Bd1 Kf6 95. Bg4 Be1 96. Bc8 Ba5 97. Bg4 Kg5 98. Be6 Kf4 99. Bd5 Ba4 100. c6 Ke3 101. Kc5 Bc7 102. Be6 Kxd3 103. Bf5 Ke3 104. Bg4 d3 105. Kd5 Bb3+ 106. Kc5 d2 107. Kb5 d1Q 108. Bxd1 Bxd1 109. Ka6 Kxe4 110. Kb7 Ba5 0-1

[Event "Novokuznetsk-ch"]
[Site "Novokuznetsk"]
[Date "2014.12.13"]
[Round "8"]
[White "Chistyakov, Nikita"]
[Black "Polyanskiy, Vladimir"]
[Result "1-0"]
[WhiteElo "1998"]
[BlackElo "2179"]
[PlyCount "111"]
[EventDate "2014.11.16"]
[EventType "swiss"]
[EventRounds "9"]
[EventCountry "RUS"]
[SourceTitle "EXT 2016"]
[Source "ChessBase"]
[SourceDate "2015.10.08"]
[SourceVersion "1"]
[SourceVersionDate "2015.10.08"]
[SourceQuality "1"]

1. d4 Nf6 2. Nf3 d6 3. b3 g6 4. Bb2 Bg7 5. g3 0-0 6. Bg2 Nbd7 7. 0-0 c6 8. Nbd2 Qc7 9. Re1 Re8 10. a4 e5 11. dxe5 dxe5 12. e4 b5 13. Bf1 Rb8 14. Ra2 a6 15. Qa1 Nh5 16. axb5 axb5 17. c4 b4 18. Ra5 c5 19. Bh3 Nf8 20. Ra7 Rb7 21. Ra8 f6 22. Nf1 Bh6 23. Bc1 Bxc1 24. Rxc1 Bxh3 25. Rxe8 Ra7 26. Qb1 Bxf1 27. Kxf1 Ng7 28. Rxf8+ Kxf8 29. Rd1 Ne6 30. Rd5 Ra3 31. Qd1 Ke7 32. Kg2 Ra8 33. Qd2 g5 34. h4 h6 35. Qe3 Rg8 36. Kh2 Nd4 37. Qd3 Qc8 38. Nxd4 exd4 39. hxg5 hxg5 40. Rf5 Rh8+ 41. Kg2 Qa8 42. Qb1 Qc6 43. Qd3 Kf7 44. Qf3 Kg6 45. Rd5 Qc8 46. Qf5+ Qxf5 47. exf5+ Kh5 48. Rxc5 g4 49. Rd5 Kg5 50. Rxd4 Kxf5 51. Rd5+ Ke4 52. Rb5 f5 53. Rxb4 Rd8 54. Rb6 Re8 55. c5 Kd5 56. b4 1-0

[Event "Novokuznetsk-ch"]
[Site "Novokuznetsk"]
[Date "2014.11.29"]
[Round "4"]
[White "Polyanskiy, Vladimir"]
[Black "Oschepkov, Dmitri"]
[Result "1/2-1/2"]
[WhiteElo "2179"]
[BlackElo "2057"]
[PlyCount "84"]
[EventDate "2014.11.16"]
[EventType "swiss"]
[EventRounds "9"]
[EventCountry "RUS"]
[SourceTitle "EXT 2016"]
[Source "ChessBase"]
[SourceDate "2015.10.08"]
[SourceVersion "1"]
[SourceVersionDate "2015.10.08"]
[SourceQuality "1"]

1. Nc3 Nf6 2. e4 d5 3. e5 d4 4. Nce2 Ne4 5. d3 Nc5 6. Nf3 Nc6 7. b4 Nxb4 8. Nexd4 Ne6 9. Nb3 c5 10. a3 Nd5 11. c4 Ndc7 12. Be2 b6 13. 0-0 Bb7 14. Be3 g6 15. Nfd2 f5 16. f4 Nd4 17. Nxd4 cxd4 18. Bf2 Ne6 19. Bf3 Qd7 20. Bxb7 Qxb7 21. Bg3 Bh6 22. h4 Kf7 23. Qe2 Rhd8 24. Bh2 Nc5 25. Nf3 e6 26. Ng5+ Bxg5 27. fxg5 Qd7 28. Rf3 Ke7 29. g4 Rf8 30. Raf1 Qc6 31. gxf5 Rxf5 32. Rxf5 exf5 33. e6 Nxe6 34. Qe5 Rf8 35. Re1 Qd7 36. Bf4 Qc6 37. a4 Kd7 38. Bg3 Re8 39. a5 Qc5 40. Qf6 Qe7 41. Qe5 Qc5 42. Qf6 Qe7 1/2-1/2

[Event "Novokuznetsk-ch"]
[Site "Novokuznetsk"]
[Date "2014.11.16"]
[Round "1"]
[White "Alimov, Alexander"]
[Black "Polyanskiy, Vladimir"]
[Result "0-1"]
[WhiteElo "1943"]
[BlackElo "2179"]
[PlyCount "60"]
[EventDate "2014.11.16"]
[EventType "swiss"]
[EventRounds "9"]
[EventCountry "RUS"]
[SourceTitle "EXT 2016"]
[Source "ChessBase"]
[SourceDate "2015.10.08"]
[SourceVersion "1"]
[SourceVersionDate "2015.10.08"]
[SourceQuality "1"]

1. d4 Nf6 2. c4 d6 3. Nc3 g6 4. e4 Bg7 5. f3 0-0 6. Be3 Nc6 7. Qd2 a6 8. Bd3 e5 9. Nge2 Ng4 10. fxg4 exd4 11. Nxd4 Nxd4 12. g5 Be6 13. 0-0 c6 14. Qf2 c5 15. Ne2 Nc6 16. Nc3 Ne5 17. Be2 Nxc4 18. Bxc4 Bxc4 19. Rfe1 b5 20. Rad1 Qe7 21. Rd2 Rfe8 22. Bf4 Rad8 23. Qg3 d5 24. e5 b4 25. Ne2 d4 26. b3 Be6 27. Qh4 Bf5 28. Ng3 Qe6 29. Nxf5 Qxf5 30. Rf2 d3 0-1

[Event "Novokuznetsk Kustov op"]
[Site "Novokuznetsk"]
[Date "2014.10.04"]
[Round "2"]
[White "Polyanskiy, Vladimir"]
[Black "Popov, Yury"]
[Result "1-0"]
[WhiteElo "2147"]
[BlackElo "2024"]
[PlyCount "77"]
[EventDate "2014.09.28"]
[EventType "swiss"]
[EventRounds "9"]
[EventCountry "RUS"]
[SourceTitle "EXT 2018"]
[Source "ChessBase"]
[SourceDate "2017.10.13"]
[SourceVersion "1"]
[SourceVersionDate "2017.10.13"]
[SourceQuality "1"]

1. Nc3 d5 2. e4 d4 3. Nce2 c5 4. Ng3 Nc6 5. Nf3 Qc7 6. Bc4 h6 7. a4 e5 8. 0-0 Bd6 9. d3 Nge7 10. Bd2 0-0 11. Nh4 Kh7 12. Qh5 Ng8 13. Rae1 Nf6 14. Qd1 Bg4 15. Qc1 Rae8 16. Nhf5 Ng8 17. h3 Bxf5 18. Nxf5 Nce7 19. Nxd6 Qxd6 20. f4 f6 21. f5 Nc6 22. Qd1 Nge7 23. Rf2 Qc7 24. Ref1 Nc8 25. g4 Nd6 26. Be6 Nd8 27. Bd5 g5 28. fxg6+ Kxg6 29. h4 Qg7 30. b3 Kh7 31. Rg2 Ne6 32. g5 fxg5 33. Rxf8 Qxf8 34. hxg5 Nxg5 35. Bxg5 hxg5 36. Rh2+ Kg7 37. Qh5 Nf7 38. Qh7+ Kf6 39. Rf2+ 1-0

[Event "Novokuznetsk Kuzbass op"]
[Site "Novokuznetsk"]
[Date "2014.08.12"]
[Round "2"]
[White "Maleev, Pavel"]
[Black "Polyanskiy, Vladimir"]
[Result "1-0"]
[WhiteElo "2254"]
[BlackElo "2159"]
[PlyCount "51"]
[EventDate "2014.08.11"]
[EventType "swiss"]
[EventRounds "9"]
[EventCountry "RUS"]
[SourceTitle "CBM 162 Extra"]
[Source "ChessBase"]
[SourceDate "2014.10.17"]
[SourceVersion "1"]
[SourceVersionDate "2014.10.17"]
[SourceQuality "1"]

1. d4 Nf6 2. Nf3 d6 3. Nc3 g6 4. Bg5 Bg7 5. Qd2 h6 6. Bf4 Nh5 7. Be3 a6 8. a4 Nf6 9. h3 Nbd7 10. g4 e5 11. dxe5 dxe5 12. Bg2 Qe7 13. Rd1 g5 14. Nh2 Qb4 15. Nf1 0-0 16. Ng3 Nc5 17. h4 Nxg4 18. hxg5 Nxe3 19. Qxe3 f5 20. gxf6 Rxf6 21. Nh5 Rg6 22. Nxg7 Kxg7 23. Qxe5+ Kf7 24. Rd4 Qb6 25. Rf4+ Rf6 26. Rxh6 1-0

[Event "Novokuznetsk Kuzbass op"]
[Site "Novokuznetsk"]
[Date "2014.08.11"]
[Round "1"]
[White "Polyanskiy, Vladimir"]
[Black "Patrin, Yury"]
[Result "1-0"]
[WhiteElo "2159"]
[BlackElo "1819"]
[PlyCount "111"]
[EventDate "2014.08.11"]
[EventType "swiss"]
[EventRounds "9"]
[EventCountry "RUS"]
[SourceTitle "CBM 162 Extra"]
[Source "ChessBase"]
[SourceDate "2014.10.17"]
[SourceVersion "1"]
[SourceVersionDate "2014.10.17"]
[SourceQuality "1"]

1. Nc3 e6 2. e4 d5 3. d4 dxe4 4. Nxe4 Nd7 5. Nf3 Ngf6 6. Nxf6+ Nxf6 7. Bd3 b6 8. Bb5+ Bd7 9. Bd3 Bc8 10. Qe2 Bb7 11. Bg5 Bd6 12. 0-0-0 c6 13. Ne5 Qc7 14. Rhe1 0-0-0 15. Kb1 h6 16. Bd2 c5 17. dxc5 Bxe5 18. cxb6 axb6 19. Qxe5 Qxe5 20. Rxe5 Ng4 21. Re2 Bxg2 22. h3 Rxd3 23. cxd3 Bf3 24. Rc1+ Kb7 25. Ree1 Nxf2 26. Rf1 Nxd3 27. Rxf3 Nxc1 28. Rxf7+ Kc6 29. Kxc1 g5 30. Kd1 b5 31. Ke2 Kd5 32. Kd3 e5 33. Bc3 Ke6 34. Rf2 Rd8+ 35. Ke2 h5 36. Bd2 g4 37. h4 Rc8 38. Bc3 g3 39. Rg2 Rg8 40. Be1 Rc8 41. Bxg3 Rc2+ 42. Kf1 Rc1+ 43. Be1 Rb1 44. Rc2 Rd1 45. a3 Rd3 46. Ke2 e4 47. Rc5 Rh3 48. Rxb5 Rh2+ 49. Bf2 Rh3 50. Rxh5 Rb3 51. Bd4 Kd6 52. Re5 Rb7 53. Rxe4 Rh7 54. Bf6 Kc5 55. Bg5 Kb5 56. Kf3 1-0

[Event "Novokuznetsk Spring op"]
[Site "Novokuznetsk"]
[Date "2014.04.05"]
[Round "3"]
[White "Polyanskiy, Vladimir"]
[Black "Spirin, Alexandr"]
[Result "1-0"]
[WhiteElo "2146"]
[BlackElo "1972"]
[PlyCount "97"]
[EventDate "2014.03.29"]
[EventType "swiss"]
[EventRounds "9"]
[EventCountry "RUS"]
[SourceTitle "EXT 2015"]
[Source "ChessBase"]
[SourceDate "2014.11.20"]
[SourceVersion "1"]
[SourceVersionDate "2014.11.20"]
[SourceQuality "1"]

1. Nc3 Nc6 2. e4 e5 3. Nf3 Be7 4. d4 exd4 5. Nxd4 d6 6. Be3 Nf6 7. Be2 0-0 8. f4 d5 9. e5 Ne4 10. Nxe4 dxe4 11. Nxc6 bxc6 12. 0-0 f5 13. Qe1 Be6 14. Qg3 a5 15. Qh3 Rb8 16. b3 Qe8 17. Bh5 g6 18. Be2 Qf7 19. Qg3 c5 20. c4 a4 21. Rab1 Rb6 22. Rfc1 Rfb8 23. Rc3 Qe8 24. Qf2 Qc6 25. h3 Rb4 26. Kh2 Qb6 27. g4 Qa5 28. Bd2 Qa6 29. gxf5 Bxf5 30. Be3 Qa5 31. Rb2 axb3 32. axb3 Qa1 33. Bg4 Bxg4 34. hxg4 Qd1 35. Bxc5 Bxc5 36. Qxc5 Qxg4 37. Qd5+ Kg7 38. Qxe4 Rd8 39. Rg2 Qd1 40. e6 Rxb3 41. Qe5+ Kg8 42. Rxb3 Qxb3 43. e7 Re8 44. Qe6+ Kg7 45. f5 Qf3 46. Rxg6+ hxg6 47. Qxg6+ Kh8 48. Qxe8+ Kg7 49. Qf8+ 1-0

[Event "Novokuznetsk Kuzbass op"]
[Site "Novokuznetsk"]
[Date "2014.??.??"]
[Round "9"]
[White "Permyakov, Evgeniy"]
[Black "Polyanskiy, Vladimir"]
[Result "1-0"]
[WhiteElo "2105"]
[BlackElo "2146"]
[PlyCount "73"]
[EventDate "2014.08.11"]
[EventType "swiss"]
[EventRounds "9"]
[EventCountry "RUS"]
[SourceTitle "CBM 162 Extra"]
[Source "ChessBase"]
[SourceDate "2014.10.17"]
[SourceVersion "1"]
[SourceVersionDate "2014.10.17"]
[SourceQuality "1"]

1. c4 e5 2. Nc3 Nf6 3. g3 d5 4. cxd5 Nxd5 5. Bg2 Nb6 6. Nf3 Nc6 7. d3 Be7 8. 0-0 0-0 9. Be3 f5 10. Rc1 Be6 11. a3 Kh8 12. Na4 Nd5 13. Bc5 Bd6 14. e4 Nde7 15. d4 fxe4 16. Nxe5 Bf5 17. Re1 Qe8 18. Bxe4 Rd8 19. Nxc6 bxc6 20. Bxf5 Rxf5 21. Qe2 Rf7 22. Rc3 Qg8 23. Re3 Nd5 24. Re8 Rf8 25. Rxd8 Rxd8 26. Qc2 Re8 27. Rxe8 Qxe8 28. Bxa7 h5 29. Nc3 Nf6 30. Qe2 Qg6 31. Bc5 Bf4 32. Be7 h4 33. Bxf6 hxg3 34. hxg3 gxf6 35. a4 Bd6 36. a5 f5 37. a6 1-0

[Event "Novokuznetsk Spring op"]
[Site "Novokuznetsk"]
[Date "2013.04.13"]
[Round "4"]
[White "Storchak, Vitalij"]
[Black "Polyanskiy, Vladimir"]
[Result "1/2-1/2"]
[WhiteElo "2107"]
[BlackElo "2139"]
[PlyCount "24"]
[EventDate "2013.03.31"]
[EventType "swiss"]
[EventRounds "9"]
[EventCountry "RUS"]
[SourceTitle "EXT 2015"]
[Source "ChessBase"]
[SourceDate "2014.11.20"]
[SourceVersion "1"]
[SourceVersionDate "2014.11.20"]
[SourceQuality "1"]

1. e4 Nc6 2. Nc3 e5 3. g3 Bc5 4. Bg2 h5 5. h3 h4 6. g4 a6 7. d3 d6 8. Nd5 Be6 9. Be3 Bxe3 10. Nxe3 Nge7 11. Nd5 Qd7 12. Ne2 Ng6 1/2-1/2

[Event "Novokuznetsk-ch"]
[Site "Novokuznetsk"]
[Date "2012.12.16"]
[Round "9"]
[White "Anokhin, Viktor T"]
[Black "Polyanskiy, Vladimir"]
[Result "0-1"]
[WhiteElo "2040"]
[BlackElo "2150"]
[PlyCount "132"]
[EventDate "2012.11.18"]
[EventType "swiss"]
[EventRounds "9"]
[EventCountry "RUS"]
[SourceTitle "EXT 2014"]
[Source "ChessBase"]
[SourceDate "2013.11.20"]
[SourceVersion "1"]
[SourceVersionDate "2013.11.20"]
[SourceQuality "1"]

1. e4 d6 2. d4 Nf6 3. Nc3 g6 4. Nf3 Bg7 5. Bb5+ c6 6. Bc4 b5 7. Bd3 0-0 8. 0-0 a6 9. h3 Nbd7 10. Be3 e5 11. dxe5 dxe5 12. Qd2 Re8 13. b4 Qe7 14. a3 Nh5 15. Bg5 Ndf6 16. Ne2 Bh8 17. Rad1 Ng7 18. Bh4 Ngh5 19. g4 Ng7 20. Qh6 Ne6 21. c3 Bg7 22. Qe3 Qc7 23. Bg3 Nd7 24. c4 Qd8 25. c5 Qe7 26. Bc2 Nf4 27. Kh2 g5 28. Rd6 Bb7 29. Rfd1 Nf8 30. h4 h6 31. Bb3 Rac8 32. Qd2 Rc7 33. Neg1 Bc8 34. Bxf4 exf4 35. Kh3 h5 36. Nh2 Qxe4 37. f3 Qe5 38. Rd8 hxg4+ 39. Nxg4 Bxg4+ 40. Kxg4 Rce7 41. Rxe8 Rxe8 42. hxg5 Ne6 43. Bxe6 Qxe6+ 44. Kh4 Qf5 45. Qd3 Re6 46. Qd8+ Bf8 47. Rd6 Qh7+ 48. Kg4 Qh2 49. Rxe6 Qxg1+ 50. Kxf4 Qh2+ 51. Ke3 fxe6 52. Qf6 Qh3 53. Qg6+ Bg7 54. Qe8+ Kh7 55. Qxc6 Qf5 56. Qe4 Kg6 57. f4 Bf8 58. Qh1 Bxc5+ 59. Ke2 Qc2+ 60. Kf3 Qf2+ 61. Kg4 Qe2+ 62. Kg3 Qf2+ 63. Kh3 Qxf4 64. Qg2 Qxg5 65. Qxg5+ Kxg5 66. bxc5 Kf6 0-1

[Event "Novokuznetsk-ch"]
[Site "Novokuznetsk"]
[Date "2012.12.15"]
[Round "8"]
[White "Polyanskiy, Vladimir"]
[Black "Vorobyova, Alyona"]
[Result "1-0"]
[WhiteElo "2150"]
[BlackElo "1992"]
[PlyCount "53"]
[EventDate "2012.11.18"]
[EventType "swiss"]
[EventRounds "9"]
[EventCountry "RUS"]
[SourceTitle "EXT 2014"]
[Source "ChessBase"]
[SourceDate "2013.11.20"]
[SourceVersion "1"]
[SourceVersionDate "2013.11.20"]
[SourceQuality "1"]

1. d4 Nf6 2. Nc3 d5 3. Bg5 c6 4. e3 h6 5. Bh4 Bf5 6. Bd3 Bxd3 7. Qxd3 Nbd7 8. Nf3 e6 9. Ne5 Be7 10. f4 Qc7 11. 0-0 0-0 12. Rf3 Nxe5 13. fxe5 Ne8 14. Bg3 Qd7 15. Raf1 f5 16. exf6 Nxf6 17. Be5 Rf7 18. Qg6 Raf8 19. Rh3 Kh8 20. g4 Qe8 21. Rf4 Ng8 22. g5 Rf6 23. Qxe8 Rxf4 24. Qg6 Rf1+ 25. Kg2 R1f2+ 26. Kg3 R2f3+ 27. Kg4 1-0

[Event "Novokuznetsk-ch"]
[Site "Novokuznetsk"]
[Date "2012.12.08"]
[Round "6"]
[White "Karpov, Arkadiy"]
[Black "Polyanskiy, Vladimir"]
[Result "1-0"]
[WhiteElo "2047"]
[BlackElo "2150"]
[PlyCount "67"]
[EventDate "2012.11.18"]
[EventType "swiss"]
[EventRounds "9"]
[EventCountry "RUS"]
[SourceTitle "EXT 2014"]
[Source "ChessBase"]
[SourceDate "2013.11.20"]
[SourceVersion "1"]
[SourceVersionDate "2013.11.20"]
[SourceQuality "1"]

1. Nf3 Nf6 2. g3 d6 3. Bg2 e5 4. 0-0 Nc6 5. d4 e4 6. Ng5 d5 7. c4 h6 8. cxd5 Qxd5 9. Nc3 Qxd4 10. Ngxe4 Nxe4 11. Bxe4 Bc5 12. Bf4 Bh3 13. e3 Qc4 14. Qh5 Be6 15. Rac1 0-0-0 16. b3 g6 17. Qf3 Qa6 18. Na4 Ba3 19. Bxc6 bxc6 20. Rxc6 Qa5 21. Rxc7+ Qxc7 22. Bxc7 Kxc7 23. Qf4+ Rd6 24. Rd1 Rhd8 25. Nc3 a6 26. Ne4 g5 27. Qe5 Kc6 28. Nxd6 Bxd6 29. Qc3+ Kb7 30. Qd4 h5 31. f3 Kc7 32. b4 h4 33. Qa7+ Kc8 34. Rc1+ 1-0

[Event "Novokuznetsk op"]
[Site "Novokuznetsk"]
[Date "2012.08.05"]
[Round "4"]
[White "Polyanskiy, Vladimir"]
[Black "Zaitsev, Vadim"]
[Result "1-0"]
[WhiteElo "2140"]
[BlackElo "2352"]
[PlyCount "51"]
[EventDate "2012.08.02"]
[EventType "swiss"]
[EventRounds "9"]
[EventCountry "RUS"]
[SourceTitle "EXT 2013"]
[Source "ChessBase"]
[SourceDate "2012.11.22"]
[SourceVersion "1"]
[SourceVersionDate "2012.11.22"]
[SourceQuality "1"]

1. Nc3 e5 2. Nf3 Nc6 3. d4 exd4 4. Nxd4 Nf6 5. Bg5 Be7 6. Nf5 Bf8 7. Nd5 d6 8. e4 Ne5 9. f4 Nc6 10. Bxf6 gxf6 11. Qh5 Bxf5 12. exf5 Bg7 13. 0-0-0 0-0 14. Rd3 Kh8 15. Rh3 h6 16. g4 Rg8 17. g5 Qe8 18. Bd3 Bf8 19. Nxf6 Qe7 20. Nd5 Qd7 21. f6 Rg6 22. f5 Ne5 23. fxg6 fxg6 24. Qh4 Re8 25. Ne7 Nxd3+ 26. Rxd3 1-0

[Event "Novokuznetsk Spring op"]
[Site "Novokuznetsk"]
[Date "2012.??.??"]
[Round "2"]
[White "Polyanskiy, Vladimir"]
[Black "Morozov, Vasiliy"]
[Result "1/2-1/2"]
[WhiteElo "2138"]
[BlackElo "2018"]
[PlyCount "45"]
[EventDate "2012.04.04"]
[EventType "swiss"]
[EventRounds "9"]
[EventCountry "RUS"]
[SourceTitle "CBM 148 Extra"]
[Source "ChessBase"]
[SourceDate "2012.06.22"]
[SourceVersion "1"]
[SourceVersionDate "2012.06.22"]
[SourceQuality "1"]

1. d4 Nf6 2. Nc3 e6 3. e4 d6 4. Bd3 b6 5. Nf3 Bb7 6. Qe2 Nbd7 7. Bd2 Be7 8. 0-0 0-0 9. Rfe1 c5 10. e5 Ne8 11. d5 exd5 12. e6 Ne5 13. Bf5 f6 14. Nh4 g6 15. Nxg6 hxg6 16. Bxg6 Ng7 17. Bh5 Nxh5 18. Qxh5 Qe8 19. Qf5 d4 20. Rxe5 fxe5 21. Qg4+ Kh7 22. Qh3+ Kg8 23. Qg4+ 1/2-1/2

[Event "Novokuznetsk Spring op"]
[Site "Novokuznetsk"]
[Date "2012.??.??"]
[Round "7"]
[White "Spirin, Alexandr"]
[Black "Polyanskiy, Vladimir"]
[Result "0-1"]
[WhiteElo "1923"]
[BlackElo "2138"]
[PlyCount "104"]
[EventDate "2012.04.04"]
[EventType "swiss"]
[EventRounds "9"]
[EventCountry "RUS"]
[SourceTitle "CBM 148 Extra"]
[Source "ChessBase"]
[SourceDate "2012.06.22"]
[SourceVersion "1"]
[SourceVersionDate "2012.06.22"]
[SourceQuality "1"]

1. Nf3 Nf6 2. b3 d6 3. d4 g6 4. Bb2 Bg7 5. Nbd2 0-0 6. e3 Nbd7 7. Bd3 Re8 8. 0-0 e5 9. dxe5 dxe5 10. Ng5 Nd5 11. h4 h6 12. Ngf3 Nf8 13. Qc1 Bg4 14. Be4 c6 15. c4 Nb4 16. Bc3 a5 17. a3 Nd3 18. Qb1 Nc5 19. Bc2 f5 20. b4 Ncd7 21. Qb2 a4 22. g3 Qe7 23. Nh2 Bh3 24. Rfd1 g5 25. hxg5 hxg5 26. c5 Nf6 27. e4 f4 28. Nc4 Ng6 29. Nd6 g4 30. Bd3 Nh5 31. Bc4+ Kh7 32. Bf7 Rf8 33. Bxg6+ Kxg6 34. Nf5 Rxf5 35. exf5+ Kh7 36. Rd6 fxg3 37. fxg3 Nxg3 38. Qc2 Kh8 39. Re1 Rf8 40. Re6 Qh4 41. Bxe5 Nxf5 42. Bxg7+ Nxg7 43. R6e3 Qf6 44. Qe2 Qf4 45. Rd1 g3 46. Nf3 g2 47. Rd4 Qxd4 48. Kh2 Qg4 49. Kg1 Qh5 50. Kf2 Bg4 51. Re7 Bxf3 52. Qb2 g1Q+ 0-1

[Event "Novokuznetsk School op"]
[Site "Novokuznetsk"]
[Date "2011.06.15"]
[Round "2"]
[White "Polyanskiy, Vladimir"]
[Black "Sozin, Stepan"]
[Result "1/2-1/2"]
[WhiteElo "2206"]
[BlackElo "2054"]
[PlyCount "36"]
[EventDate "2011.06.15"]
[EventType "swiss"]
[EventRounds "9"]
[EventCountry "RUS"]
[SourceTitle "EXT 2022"]
[Source "ChessBase"]
[SourceDate "2021.10.06"]
[SourceVersion "1"]
[SourceVersionDate "2021.10.06"]
[SourceQuality "1"]

1. d4 d5 2. Nc3 Nf6 3. Bg5 Nbd7 4. Nf3 e6 5. e4 dxe4 6. Nxe4 Be7 7. Bxf6 Nxf6 8. Bd3 0-0 9. c3 Nxe4 10. Bxe4 c5 11. Qc2 f5 12. Bd3 cxd4 13. Nxd4 Bf6 14. Nf3 g6 15. 0-0-0 Qe7 16. h4 e5 17. Qb3+ Kg7 18. Ng5 e4 1/2-1/2

[Event "Novokuznetsk-ch HL"]
[Site "Novokuznetsk"]
[Date "2011.04.??"]
[Round "2"]
[White "Polyanskiy, Vladimir"]
[Black "Nuzhdov, Vasiliy"]
[Result "1-0"]
[WhiteElo "2206"]
[BlackElo "2044"]
[PlyCount "111"]
[EventDate "2011.04.29"]
[EventType "swiss"]
[EventRounds "8"]
[EventCountry "RUS"]
[SourceTitle "EXT 2013"]
[Source "ChessBase"]
[SourceDate "2012.11.22"]
[SourceVersion "1"]
[SourceVersionDate "2012.11.22"]
[SourceQuality "1"]

1. d4 d5 2. Nc3 Nc6 3. e4 e6 4. Nf3 a6 5. Be3 Be7 6. Be2 Nf6 7. e5 Nd7 8. h4 b5 9. Nb1 Nb6 10. b3 Bb7 11. Nbd2 Bb4 12. a3 Bc3 13. Ra2 Nd7 14. Kf1 Ba5 15. c4 b4 16. cxd5 exd5 17. Rh3 Ne7 18. Bd3 Nf8 19. Rg3 Ne6 20. Ng5 g6 21. Rf3 Nxg5 22. Bxg5 Qd7 23. Kg1 Nf5 24. Bxf5 gxf5 25. Nf1 Rg8 26. Qd2 h6 27. Bf6 Rg6 28. axb4 Bb6 29. Rg3 Qe6 30. h5 Rxg3 31. Nxg3 Kd7 32. Ne2 Rg8 33. Qxh6 f4 34. Qxf4 Rg4 35. Qf3 c6 36. h6 Bd8 37. Bg7 Rh4 38. g3 Qg6 39. Ra1 Bc8 40. Nf4 Qg5 41. Ng2 Rxh6 42. Bxh6 Qxh6 43. Qxf7+ Be7 44. Re1 Kd8 45. e6 Qd2 46. Qg8+ Kc7 47. Qe8 Qxb4 48. Rc1 Bb7 49. Ne3 Kb6 50. Nf5 Bf6 51. e7 Ka7 52. Qf7 Bg5 53. Rf1 Bxe7 54. Qxe7 Qxb3 55. Nd6 a5 56. g4 1-0

[Event "Novokuznetsk-ch HL"]
[Site "Novokuznetsk"]
[Date "2011.04.??"]
[Round "4"]
[White "Polyanskiy, Vladimir"]
[Black "Shukan, Mikhail"]
[Result "0-1"]
[WhiteElo "2206"]
[BlackElo "2079"]
[PlyCount "46"]
[EventDate "2011.04.29"]
[EventType "swiss"]
[EventRounds "8"]
[EventCountry "RUS"]
[SourceTitle "EXT 2013"]
[Source "ChessBase"]
[SourceDate "2012.11.22"]
[SourceVersion "1"]
[SourceVersionDate "2012.11.22"]
[SourceQuality "1"]

1. d4 Nf6 2. c4 d6 3. Nc3 g6 4. e4 Bg7 5. Be3 0-0 6. Be2 Nbd7 7. Nf3 e5 8. 0-0 Ne8 9. a3 f5 10. d5 f4 11. Bc1 g5 12. b4 g4 13. Ne1 h5 14. Nd3 Qh4 15. c5 Rf6 16. c6 bxc6 17. dxc6 Nf8 18. Nd5 Rg6 19. g3 fxg3 20. hxg3 Qd8 21. b5 h4 22. gxh4 Qxh4 23. Be3 g3 0-1

[Event "Novokuznetsk-ch HL"]
[Site "Novokuznetsk"]
[Date "2011.04.??"]
[Round "1"]
[White "Sitnikov, Dmitrij"]
[Black "Polyanskiy, Vladimir"]
[Result "1-0"]
[WhiteElo "2470"]
[BlackElo "2206"]
[PlyCount "53"]
[EventDate "2011.04.29"]
[EventType "swiss"]
[EventRounds "8"]
[EventCountry "RUS"]
[SourceTitle "EXT 2013"]
[Source "ChessBase"]
[SourceDate "2012.11.22"]
[SourceVersion "1"]
[SourceVersionDate "2012.11.22"]
[SourceQuality "1"]

1. d4 Nf6 2. c4 d6 3. Nc3 g6 4. e4 Bg7 5. Be2 0-0 6. Nf3 c6 7. 0-0 Nbd7 8. Bg5 h6 9. Be3 Ng4 10. Bd2 e5 11. d5 c5 12. Ne1 Ngf6 13. Nd3 Ne8 14. a3 f5 15. b4 b6 16. Rb1 Ndf6 17. bxc5 bxc5 18. exf5 gxf5 19. f4 e4 20. Ne1 Kh8 21. Nc2 Rg8 22. Ne3 Qe7 23. Kh1 Qf7 24. Qa4 a6 25. Qc6 Ra7 26. Qxc8 Nc7 27. Qxf5 1-0